00613nam a2200193Ia 4500003000900000008004100009040001300050040001300063041000800076100001900084245022000103250001100323260002000334260000900354300001000363300001000373490000600383600003000389IT-RoPAU120407s9999 xx 000 0 und d aIT-RoPAU cIT-RoPAU aita aVito Francesco a"L’Università italiana al bivio. Discorso letto dal Magnifico Rettore prof. Francesco Vito all’inaugurazione dell’anno accademico l’8 dicembre 1964. Appendice: L’Università e la formazione del medico." aMilano aVita e Pensiero c1965 a78 p. c24 cm v1 a1. Università Italiana.